Chief Executives of Hong Kong by Picture - Statistics

General Stats
  • This quiz has been taken 20 times
  • The average score is 5 of 5
Answer Stats
Picture Hint Answer % Correct
2017-2022 Carrie Lam
94%
2005-2012 Donald Tsang
94%
2022-Present John Lee Ka-chiu
94%
2012-2017 Leung Chun-ying
88%
1997-2005 Tung Chee-hwa
81%
No matching quizzes found
Score Distribution
Percent of People with Each Score
Percentile by Number Answered
Your Score History
You have not taken this quiz